MDQL
is popping MORE tags! Check the
thread
!
Quizzes
Events
Quiz Creation
Community
Videos
Private Events
Remove Ads
Sign In
Join for FREE
Feedback
Dark Mode
Quiz Categories
Sports
Geography
Music
Movies
Television
Just For Fun
Miscellaneous
History
Literature
Language
Science
Gaming
Entertainment
Religion
Holiday
For Kids
Quiz Lab
Recent
Popular Today
Quiz Kudos Today
Editor Picks
Curator Picks
Quizzes by...
Day
Popularity
Type
Ratings
Length
Year
Community
Subscriptions
Recent Discussions
Orange Saloon
Badges
Playlists
Quests
Create
Leaderboards
Showdown
Live 5
Trivia Bingo
Activity
Puzzle Library
Sporcle Events
Private Events
Virtual Trivia
Globe League
Become a Host
Pub Owners
SporcleCon
Opinionation
Our Games
Videos
Blog
Mobile Apps
Partnerships
Remove Ads and Go Orange
Feedback
Sports
Athletes
MLB
NBA
NHL
NFL
Soccer
Sports Teams
WWE
NCAA
Football
Premier League
Basketball
Baseball
Hockey
Golf
Tennis
Cricket
Rugby
Auto Racing
Olympics
World Cup
Sports
Athletes
MLB
NBA
NHL
NFL
Soccer
Sports Teams
WWE
NCAA
Football
Premier League
Basketball
Baseball
Hockey
Golf
Tennis
Cricket
Rugby
Auto Racing
Olympics
World Cup
Random Quiz
Search Sporcle
×
Quiz Lab
Quiz Lab
Sports
Earning
Type in answers that appear in a list
Type in answers that appear in a list
Classic
Best Score? Go Orange.
PBA Top 25 Career Money Earners (as of 2011) Stats
Can you name the PBA Top 25 Career Money Earners?
By
rjhaley
10m
25 Questions
225 Plays
225 Plays
225 Plays
Comments
Comments
Give Quiz Kudos
Give Quiz Kudos
-
- Ratings
hide this ad
Replay
Link that replays current quiz
Next Quiz
Link to next quiz in quiz playlist
You Got
0%
They Got
Avg Score
52%
Avg Friend Score
Upgrade to see
Score Distribution
Jump to the score distribution portion of the page
Score
0/25
Timer
10:00
0
Plays Today
Lifetime Earnings
Bowler
% Correct
$3,410,599
Pete Weber
95.1%
$4,280,566
Walter Ray Williams
93.8%
$2,867,119
Norm Duke
86.2%
$1,343,697
Mark Williams
80.4%
$2,748,552
Parker Bohn
79.6%
$1,441,061
Earl Anthony
78.2%
$1,639,796
Mark Roth
76%
$1,813,967
Chris Barnes
75.6%
$2,097,520
Mike Aulby
63.6%
$1,707,790
Marshall Holman
60.9%
$2,460,748
Brian Voss
57.3%
$1,708,737
Jason Couch
51.6%
$2,135,454
Amleto Monacelli
50.7%
Lifetime Earnings
Bowler
% Correct
$1,568,681
Wayne Webb
48%
$1,358,421
Patrick Allen
41.8%
$1,499,881
David Ozio
36.4%
$1,518,424
Danny Wiseman
33.8%
$1,504,348
Doug Kent
32.4%
$1,885,746
Tom Baker
29.8%
$1,626,513
Dave Husted
29.8%
$1,550,836
Ryan Shafer
27.6%
$1,361,329
Mike Scroggins
25.8%
$1,663,341
Steve Jaros
24.9%
$1,362,531
Gary Dickinson
15.6%
$1,359,603
Dave D'Entremont
12.4%
Quiz Playlist
Details
Report
Send in Message
Add To Playlist
Classic:
Type in answers that appear in a list
Quiz Source
Last Updated: Feb 16, 2017
Quiz Scoreboard
CHALLENGE
Sign Up to Join the Scoreboard
Show All
Scores
Hide
Comments
May contain spoilers
Recently Published
Holiday 10x10 Sorting Gallery
by lukepisani3
Holiday
15m
Two Season TV Shows II
by 123Four
Television
10m
Image Sorting: Flags VI
by Barbecue
Geography
2m
More to Explore
Quiz From the Vault
Featured Blog Post
14 Easter Pick-up Lines to Find Eggs With
hide this ad
You Might Also Like...
Tags
Bowler
Bowling
Career
Earner
Earning
Money
Top 25
Today's Top Quizzes in Sports
Browse Sports
hide this ad
Today's Top Quizzes in Earning
Browse Earning
Top Contributed Quizzes in Sports
1
Les meilleurs buteurs des matchs entre le PSG et l’OM
2
Les entraîneurs de l'OM et du PSG au 21e siècle
3
2022 World Cup Stars
4
Les joueurs passés par le PSG et l'OM
5
Players with Multiple 50 Home Run Seasons
6
FIFA Club World Cup Champions
7
Top 10 NHL Goal Scorers of All Time
8
Les joueurs passés par le LOSC et le RC Lens
9
Criteria MLB: Left Handed Sluggers
10
2023 MLB Unique Player Accomplishments
Explore More
Trending Topics
NBA
Crossword
Anime
Harry Potter
Marvel
Disney
Kpop
NFL
Puzzle
Country
The Office
Soccer
Song
Pokémon
WWE
hide this ad
More By:
rjhaley
Quiz
Plays
Rating
Category
Featured
Created
Only the Intros - 1984
901
4.50
Music
May 17, 2021
PBA Top 25 Career Money Earners (as of 2011)
225
Sports
Jan 4, 2011
One Girl Name Songs (1950's-80's)
212
3.83
Music
Feb 15, 2014
1970 songs from first line
134
4.33
Music
Dec 30, 2017
1980 songs from first few lines
113
5.00
Music
Jul 27, 2019
Go to Creator's Profile
Score Distribution
Quiz Creator Spotlight
rjhaley
Follow
Send a Message
Quizzes Created
-
Created Quiz Play Count
-
More By This Creator
Popular Quizzes Today
1
Find the US States - No Outlines Minefield
2
Colored Red Africa Blitz
3
Find the 'City' Movie
4
The Countries of the World
5
5x2 Blitz: Bands
6
Find the Countries of Europe - No Outlines Minefield
7
Find the US States
8
US States
More Sports Quizzes
Kentucky Derby Winners by Any 3 Letters
Editor's Pick
Trending Quizzes
Colored Red Europe Blitz I
Colored Red Europe Blitz II
Colored Red Africa Blitz II
Even More Two Season TV Shows
Colored Red Africa Blitz III
Recently Updated
Odd Team Out - Big 4 Players
pecheneg
Quick Pick: 20 Twenties
pecheneg
March Madness Men's Triple Doubles
pecheneg
How Do You Spell That?
pecheneg
Godzilla Movies
pecheneg
Grab Bag: 4-10 Letters
pecheneg
2024 March Madness Bracket
pecheneg
Famous TV Couples
Peacemaker
Champions League XIs: Real Madrid
pecheneg
Largest US Cities 1790-2010
pecheneg
Trending Topics
Anime
NBA
Disney
Crossword
Harry Potter
Marvel
Kpop
Pokémon
WWE
Song
NFL
Country
Soccer
Puzzle
The Office
Your Account Isn't Verified!
In order to create a playlist on Sporcle, you need to verify the email address you used during registration. Go to your
Sporcle Settings
to finish the process.
Report this User
Report this user for behavior that violates our
Community Guidelines
.
Details:
Send Report
Go to the Sporcle.com Mobile Site →
Comments